Kaedah penyelidikan : Penggunannya dalam pemasaran
| Main Author: | |
|---|---|
| Other Authors: | , |
| Format: | Book |
| Published: |
Kuala Lumpur :
Dewan Bahasa dan Pustaka ,
c1986
|
| Subjects: |
MARC
| LEADER | 00000cam a2200000 7i4500 | ||
|---|---|---|---|
| 001 | 0000000817 | ||
| 005 | 20050503.0 | ||
| 040 | |a INS | ||
| 090 | 0 | 0 | |a HF5415.3 |b SU769 1996 |
| 100 | 0 | |a J. Supranto | |
| 245 | 1 | 0 | |a Kaedah penyelidikan : |b Penggunannya dalam pemasaran |c J. Supranto |f pengubahsuai Ismail Rejab dan Nik Rahmah Nik Yacob |
| 260 | |a Kuala Lumpur : |b Dewan Bahasa dan Pustaka , |c c1986 | ||
| 300 | |a v : |b 254p ; |c 21 cm. | ||
| 650 | 0 | 0 | |a Marketing research |
| 700 | 0 | |a Ismail Rejab | |
| 700 | 0 | |a Nik Rahmah Nik Yacob | |
| 999 | |a 0000002440 |b BOOK |c Open Shelf |e Default branch | ||